[Event "NSU Open Mesterklassen 2009"]
[Site "Hillerod"]
[Date "2009.01.04"]
[Round "4"]
[White "Montgomery, Jan ElkjaerFrantsen"]
[Black "Hove, Esben Kjems"]
[Result "1/2-1/2"]
[WhiteElo "2185"]
[BlackElo "2285"]
[PlyCount "40"]
[EventDate "2009.??.??"]

1. d4 Nf6 2. c4 e6 3. Nf3 d5 4. Bg5 Nbd7 5. e3 Be7 6. cxd5 exd5 7. Nc3 c6 8.
Bd3 O-O 9. O-O Re8 10. Qc2 Nf8 11. a3 Ne4 12. Bxe7 Qxe7 13. Nd2 Bf5 14. Rae1
Nxd2 15. Qxd2 Bxd3 16. Qxd3 Ne6 17. b4 a5 18. Rb1 Nf8 19. Rfc1 Ra7 20. Ne2 axb4
1/2-1/2

[Event "NSU Open Mesterklassen 2009"]
[Site "Hillerod"]
[Date "2009.01.04"]
[Round "4"]
[White "Ostergaard, Jens"]
[Black "Andersen, Lars Ren"]
[Result "1-0"]
[WhiteElo "2226"]
[BlackElo "2033"]
[PlyCount "66"]
[EventDate "2009.??.??"]

1. d4 d5 2. Nf3 c6 3. c4 Nf6 4. Nc3 a6 5. Ne5 e6 6. g3 Nbd7 7. f4 Be7 8. Bg2
O-O 9. O-O Nxe5 10. fxe5 Nd7 11. cxd5 cxd5 12. a4 Nb6 13. e4 dxe4 14. Bxe4 Nd5
15. Qf3 Nb4 16. Be3 Bd7 17. Bxb7 Nc2 18. Bxa8 Qxa8 19. Rad1 Bc6 20. Qf2 Nb4 21.
d5 Nxd5 22. Nxd5 Bxd5 23. Bc5 Bxc5 24. Qxc5 Qb8 25. Qd4 h5 26. b4 Qe8 27. a5
Qb5 28. Rf2 Ba8 29. h4 Bd5 30. Qc5 Qa4 31. Rfd2 Rb8 32. Rxd5 exd5 33. Rxd5 Rxb4
1-0

[Event "NSU Open Mesterklassen 2009"]
[Site "Hillerod"]
[Date "2009.01.04"]
[Round "4"]
[White "Schultz Pedersen, Jesper"]
[Black "Jensen, Jakob Kjaer"]
[Result "1/2-1/2"]
[WhiteElo "2195"]
[BlackElo "2146"]
[PlyCount "38"]
[EventDate "2009.??.??"]

1. e4 d5 2. exd5 Qxd5 3. Nc3 Qd6 4. Nf3 Bg4 5. Be2 Nf6 6. h3 Bf5 7. d3 c5 8.
Bg5 a6 9. Qd2 Nc6 10. Nh4 Bd7 11. Bf4 e5 12. Bh2 Qc7 13. O-O-O O-O-O 14. f4 Bd6
15. Rdf1 Nd4 16. fxe5 Bxe5 17. Bxe5 Qxe5 18. Nf3 Nxf3 19. Bxf3 Be6 1/2-1/2

[Event "NSU Open Mesterklassen 2009"]
[Site "Hillerod"]
[Date "2009.01.04"]
[Round "5"]
[White "Christensen, Esben"]
[Black "Andersen, Lars Ren"]
[Result "1-0"]
[WhiteElo "1990"]
[BlackElo "2033"]
[PlyCount "136"]
[EventDate "2009.??.??"]

1. e4 c5 2. Nf3 d6 3. d4 cxd4 4. Nxd4 Nf6 5. Nc3 a6 6. f4 e6 7. a4 b6 8. Bd3
Bb7 9. O-O Be7 10. Kh1 Nbd7 11. Nb3 Qc7 12. Qe1 O-O 13. Be3 Nc5 14. Nxc5 bxc5
15. b3 d5 16. e5 Nd7 17. Bd2 g6 18. Qg3 Rfe8 19. Rae1 Bf8 20. h4 Bg7 21. h5
Rad8 22. Re2 Nb6 23. Qh3 c4 24. bxc4 Nxc4 25. Be1 Nb2 26. Kh2 Nxd3 27. cxd3 Qc5
28. hxg6 hxg6 29. Rb2 Bc6 30. Ne2 Bxa4 31. d4 Qc4 32. Bb4 Rb8 33. Rc1 Rxb4 34.
Rxc4 Rxc4 35. f5 gxf5 36. Qh4 Bxe5+ 37. Kg1 Bd1 38. Qg5+ Bg7 39. g4 Bxe2 40.
Rxe2 fxg4 41. Qxg4 Rxd4 42. Qg5 f5 43. Qh5 Rg4+ 44. Kh1 Re7 45. Rc2 Rc4 46. Ra2
Rc6 47. Qg6 Kf8 48. Re2 f4 49. Qg4 e5 50. Rb2 Kf7 51. Qh5+ Kg8 52. Rb8+ Bf8 53.
Kg1 Kg7 54. Kf1 d4 55. Qf5 Rf6 56. Qg5+ Kf7 57. Rxf8+ Kxf8 58. Qxf6+ Ke8 59.
Qc6+ Kf7 60. Qxa6 Re6 61. Qb7+ Kf6 62. Qe4 d3 63. Qxd3 e4 64. Qd4+ Kf5 65. Qd5+
Re5 66. Qf7+ Kg4 67. Qg7+ Kh4 68. Qh7+ Kg3 1-0

[Event "NSU Open Mesterklassen 2009"]
[Site "Hillerod"]
[Date "2009.01.04"]
[Round "5"]
[White "Hellegaard, Dennis"]
[Black "Ostergaard, Jens"]
[Result "0-1"]
[WhiteElo "1940"]
[BlackElo "2226"]
[PlyCount "48"]
[EventDate "2009.??.??"]

1. d4 Nf6 2. c4 e6 3. Nf3 b6 4. g3 Bb7 5. Bg2 Be7 6. Nc3 Ne4 7. Qd3 Nxc3 8.
Qxc3 O-O 9. O-O f5 10. Be3 Bf6 11. Rac1 Qe7 12. Qd2 a5 13. Rfd1 d6 14. Bg5 Nd7
15. Qe3 Rfe8 16. Bxf6 Nxf6 17. c5 bxc5 18. dxc5 Bd5 19. cxd6 cxd6 20. Qa3 Qb7
21. Qxd6 Qxb2 22. Nd4 Rad8 23. Qc7 Bxg2 24. Rc2 Qb7 0-1

[Event "NSU Open Mesterklassen 2009"]
[Site "Hillerod"]
[Date "2009.01.04"]
[Round "5"]
[White "Hove, Esben Kjems"]
[Black "Schultz Pedersen, Jesper"]
[Result "1/2-1/2"]
[WhiteElo "2285"]
[BlackElo "2195"]
[PlyCount "58"]
[EventDate "2009.??.??"]

1. d4 d5 2. Nf3 Bg4 3. Bf4 Nc6 4. Nbd2 e6 5. c3 Bd6 6. Ne5 Bxe5 7. dxe5 Nge7 8.
h3 Bf5 9. e3 a6 10. Bg3 O-O 11. Be2 Rc8 12. O-O Nb8 13. Bh4 c5 14. f4 h6 15.
Kh2 Qc7 16. Bf2 Bh7 17. Nf3 Nbc6 18. Bd3 b5 19. Bxh7+ Kxh7 20. Qb1+ Kg8 21. e4
Na5 22. b4 cxb4 23. cxb4 Nc4 24. Bc5 Rfd8 25. Rd1 Ng6 26. g3 Qb7 27. exd5 Rxd5
28. Rxd5 Qxd5 29. Qd1 Rd8 1/2-1/2

[Event "NSU Open Mesterklassen 2009"]
[Site "Hillerod"]
[Date "2009.01.04"]
[Round "5"]
[White "Kristensen, Kaare Hove"]
[Black "Brondt, Nicolai Kvist"]
[Result "1-0"]
[WhiteElo "2215"]
[BlackElo "1970"]
[PlyCount "41"]
[EventDate "2009.??.??"]

1. e4 c6 2. d4 d5 3. exd5 cxd5 4. c4 Nf6 5. Nc3 e6 6. Nf3 Bb4 7. cxd5 Nxd5 8.
Bd2 Nc6 9. Bd3 O-O 10. O-O Nxc3 11. bxc3 Be7 12. Re1 b6 13. h4 Bb7 14. Ng5 g6
15. Nxh7 Kxh7 16. Qh5+ Kg8 17. Bxg6 fxg6 18. Qxg6+ Kh8 19. Re4 Rf6 20. Qh5+ Kg8
21. Rg4+ 1-0

[Event "NSU Open Mesterklassen 2009"]
[Site "Hillerod"]
[Date "2009.01.04"]
[Round "5"]
[White "Montgomery, Jan ElkjaerFrantsen"]
[Black "Jensen, Jakob Kjaer"]
[Result "1/2-1/2"]
[WhiteElo "2185"]
[BlackElo "2146"]
[PlyCount "57"]
[EventDate "2009.??.??"]

1. e4 d5 2. exd5 Qxd5 3. Nc3 Qd6 4. d4 c6 5. Nf3 Bg4 6. h3 Bxf3 7. Qxf3 Nf6 8.
Be3 e6 9. O-O-O Nbd7 10. Bf4 Qb4 11. a3 Qa5 12. Bc4 Nb6 13. Bb3 Nbd5 14. Nxd5
cxd5 15. Qe2 O-O-O 16. Rd3 Bd6 17. Bd2 Qb6 18. Qe1 Bc7 19. Bg5 h6 20. Bxf6 gxf6
21. Qd1 Qd6 22. g3 f5 23. Qf3 Qe7 24. Kb1 Kb8 25. Re1 Qf6 26. Red1 Bb6 27. Qf4+
Bc7 28. Qf3 Bb6 29. Qf4+ 1/2-1/2

[Event "NSU Open Mesterklassen 2009"]
[Site "Hillerod"]
[Date "2009.01.04"]
[Round "5"]
[White "Pedersen, Christopher RNH"]
[Black "Andersen, Daniel"]
[Result "0-1"]
[WhiteElo "1878"]
[BlackElo "1873"]
[PlyCount "62"]
[EventDate "2009.??.??"]

1. e4 e6 2. d4 d5 3. Nc3 Bb4 4. e5 c5 5. Bd2 cxd4 6. Nb5 Bc5 7. Qg4 Kf8 8. b4
Bb6 9. Nf3 Nc6 10. a4 a6 11. Na3 f6 12. exf6 Nxf6 13. Qh4 Ne4 14. Qxd8+ Bxd8
15. b5 axb5 16. axb5 Nxd2 17. Kxd2 Nb8 18. Kc1 Bf6 19. Bd3 e5 20. Nd2 e4 21.
Bxe4 dxe4 22. Nxe4 Kf7 23. Re1 Rd8 24. Nxf6 gxf6 25. Kb2 Be6 26. Rad1 Rd6 27.
Re4 Ra4 28. Rh4 Kg6 29. Rd3 Bf5 30. Rg3+ Kf7 31. Kb3 d3 0-1

[Event "NSU Open Mesterklassen 2009"]
[Site "Hillerod"]
[Date "2009.01.04"]
[Round "5"]
[White "Scherwin, Claes"]
[Black "Jakobsen, Peter"]
[Result "0-1"]
[WhiteElo "1864"]
[BlackElo "2219"]
[PlyCount "114"]
[EventDate "2009.??.??"]

1. e4 e5 2. Nf3 Nc6 3. d4 exd4 4. Nxd4 Bc5 5. Be3 Qf6 6. c3 Nge7 7. Be2 Bxd4 8.
cxd4 d5 9. e5 Qg6 10. O-O h5 11. Nc3 Be6 12. b4 Nf5 13. Qa4 Nh4 14. g3 Nf5 15.
Nb5 Rc8 16. Rac1 a6 17. Na7 h4 18. Rxc6 bxc6 19. Qxc6+ Kf8 20. Nxc8 hxg3 21.
Nd6 gxf2+ 22. Kxf2 Rxh2+ 23. Ke1 cxd6 24. exd6 Kg8 25. Rg1 Qf6 26. d7 Qh4+ 27.
Kd2 Bxd7 28. Qxd7 Nxd4 29. Qxd5 Nxe2 30. Rg2 Nf4 31. Qa8+ Kh7 32. Qe4+ g6 33.
Bxf4 Rxg2+ 34. Qxg2 Qxf4+ 35. Kc3 Qe5+ 36. Kb3 Qe6+ 37. Kc3 Qe3+ 38. Kc4 Qc1+
39. Kb3 Qe3+ 40. Kc4 Qf4+ 41. Kc3 Qe5+ 42. Kb3 Qe6+ 43. Kc3 f5 44. Qh2+ Kg7 45.
a4 Qf6+ 46. Kc4 f4 47. Kd3 Qd6+ 48. Kc3 Qc6+ 49. Kd3 Qd5+ 50. Kc3 g5 51. Qg1
Qc6+ 52. Kd3 Kg6 53. Qd4 Kf5 54. Ke2 Qe4+ 55. Qxe4+ Kxe4 56. b5 axb5 57. a5 Kd5
0-1